Score 0/12 Timer 04:00
0 Plays Today
Hint Answer % Correct
A red octagonStop sign
95.8%
A device used to time one's speedStop watch
93.9%
Song by JourneyDon't Stop Believing
82.8%
Popular video game storeGame Stop
75.9%
A plug, cork, or bungStopper
62.5%
Supermaket chainStop and Shop
53.3%
Animation technique used to make it appear as though objects moveStop-motion
51.3%
A travel plazaRest stop
32.6%
The involuntary extension of a soldiers dutyStop loss
24.1%
Improvised or temporaryStopgap
23.4%
OneRepublic songStop and Stare
20.3%
1984 album by The Talking HeadsStop Making Sense
14.9%

You're not logged in!

Compare scores with friends on all Sporcle quizzes.
OR
Log In

Sporcle TV

Today on Sporcle TV


Watch our educational content, quiz creation guides, and fun videos on Sporcle TV.

Show Comments

Extras

Created Sep 23, 2009ReportNominate
Tags:phrase, stop

Top Quizzes Today


Score Distribution

Paid Content

Your Account Isn't Verified!

In order to create a playlist on Sporcle, you need to verify the email address you used during registration. Go to your Sporcle Settings to finish the process.

Report this User

Report this user for behavior that violates our Community Guidelines.

Details: